Mobilitní management, integrované dopravní řetězce a přestupové uzly

Definícia pojmu Manažment mobility. Aktéri, lokalita a služby manažmentu mobility. Súvislosti medzi manažmentom mobility a manažmentom dopravného systému. Prvky integrovaného dopravného reťazca. Funkcia prestupového uzla.

Guardado en:
Detalles Bibliográficos
Autor principal: Kuzmová, Mária
Formato: Capítulo de libro
Lenguaje:checo
Materias:
Etiquetas: Agregar Etiqueta
Sin Etiquetas, Sea el primero en etiquetar este registro!

MARC

LEADER 00000naa$a2200000$$$4500
001 0045723
005 20231113115522.6
041 0 |a cze 
044 |a CZ 
245 1 0 |a Mobilitní management, integrované dopravní řetězce a přestupové uzly  |c Mária Kuzmová 
520 |a Definícia pojmu Manažment mobility. Aktéri, lokalita a služby manažmentu mobility. Súvislosti medzi manažmentom mobility a manažmentom dopravného systému. Prvky integrovaného dopravného reťazca. Funkcia prestupového uzla. 
610 2 0 |a doprava 
610 2 0 |a doprava hromadná 
610 2 0 |a doprava individuálna 
610 2 0 |a doprava integrovaná 
610 2 0 |a doprava verejná 
610 2 0 |a riadenie 
610 2 0 |a služby 
610 2 0 |a kvalita 
610 2 0 |a siete dopravné 
610 2 0 |a mestá 
610 2 0 |a regióny 
610 2 0 |a integrácia 
610 2 0 |a koordinácia 
100 1 |a Kuzmová, Mária